000 00299nam a2200133 i 4500
001 bg
100 1 _aSUBRTOWA, Zora
245 0 _aFil`m i teleprogramma /
_cZora Subrtowa.
260 _aPraga,
_c1979.
040 _cBPK
041 _apol
942 _cKS
008 s pl f |000 0 pol
999 _c18298
_d18298
856 _uhttp://koha.tu.koszalin.pl/cgi-bin/koha/opac-detail.pl?biblionumber=18298
_yKatalog online BPK